Renewable energy and the built environment (Record no. 103645)

MARC details
000 -LEADER
fixed length control field 01270cam a2200313 4500
008 - FIXED-LENGTH DATA ELEMENTS--GENERAL INFORMATION
fixed length control field 040716n2004 000 0 eng u
020 ## - INTERNATIONAL STANDARD BOOK NUMBER
International Standard Book Number 1842191977
020 ## - INTERNATIONAL STANDARD BOOK NUMBER
International Standard Book Number 184219187X
035 ## - SYSTEM CONTROL NUMBER
System control number (Sirsi) u126820
041 ## - LANGUAGE CODE
Language code of text/sound track or separate title eng
050 ## - LIBRARY OF CONGRESS CALL NUMBER
Classification number 333.72
-- 18
100 ## - MAIN ENTRY--PERSONAL NAME
Personal name Cox, Jayne
245 ## - TITLE STATEMENT
Title Renewable energy and the built environment
Remainder of title the research agenda
260 ## - PUBLICATION, DISTRIBUTION, ETC.
Place of publication, distribution, etc. London
Name of publisher, distributor, etc. RICS Foundation
Date of publication, distribution, etc. 2004
300 ## - PHYSICAL DESCRIPTION
Extent 38p.
Dimensions 30cm.
490 ## - SERIES STATEMENT
Series statement RICS Foundation Scoping Studies
520 ## - SUMMARY, ETC.
Summary, etc. This report considers the possible impacts on built environment processes of new approaches of energy production and distribution, and different patterns of energy use. The paper identifies five key themes to focus future research on, including the role of the planning process in enabling the development of renewable energy. Bibliography.
520 ## - SUMMARY, ETC.
Summary, etc. ISBN 184219187X incorrectly printed on cover.
650 ## - SUBJECT ADDED ENTRY--TOPICAL TERM
Topical term or geographic name entry element RENEWABLE ENERGY
650 ## - SUBJECT ADDED ENTRY--TOPICAL TERM
Topical term or geographic name entry element ENERGY MARKET
650 ## - SUBJECT ADDED ENTRY--TOPICAL TERM
Topical term or geographic name entry element BUILT ENVIRONMENT
650 ## - SUBJECT ADDED ENTRY--TOPICAL TERM
Topical term or geographic name entry element PLANNING PROCESS
690 ## - LOCAL SUBJECT ADDED ENTRY--TOPICAL TERM (OCLC, RLIN)
Topical term or geographic name as entry element BUILDING AND CONSTRUCTION-ENERGY MANAGEMENT
700 ## - ADDED ENTRY--PERSONAL NAME
Personal name Fell, David
700 ## - ADDED ENTRY--PERSONAL NAME
Personal name Jenkins, Lucy
710 ## - ADDED ENTRY--CORPORATE NAME
Corporate name or jurisdiction name as entry element Royal Institution of Chartered Surveyors
Subordinate unit Foundation
9 (RLIN) 4173
710 ## - ADDED ENTRY--CORPORATE NAME
Corporate name or jurisdiction name as entry element Brook Lyndhurst
9 (RLIN) 4663
942 ## - ADDED ENTRY ELEMENTS (KOHA)
Suppress in OPAC 0
Holdings
Withdrawn status Lost status Source of classification or shelving scheme Damaged status Not for loan Home library Current library Shelving location Date acquired Total Checkouts Full call number Barcode Date last seen Copy number Price effective from Koha item type
    Dewey Decimal Classification     London London RICS Boxes 20/12/2004   RICS 2004/32 30067389 06/08/2019 1 06/08/2019 Archive
    Dewey Decimal Classification     Virtual Virtual Online 20/12/2004   ONLINE PUBLICATION 126820-2001 06/08/2019 1 06/08/2019 Book